000
00358nam a2200145Ia 4500
008
100122s9999 xx 000 0 und d
082
_b
43352
_a
822
100
_a
पवार जयंत
245
_a
वंश
260
_b
अभिनव प्रक ाशन
_c
1989
300
_a
79
630
_a
वंश
730
_a
वंश
942
_c
BOOK
999
_c
423436
_d
423433